S. Marco (Record no. 8025)
[ view plain ]
| 000 -CABECERA | |
|---|---|
| campo de control de longitud fija | 01003nam a2200253 a 4500 |
| 001 - NÚMERO DE CONTROL | |
| campo de control | BRCA_8357 |
| 005 - FECHA Y HORA DE LA ÚLTIMA TRANSACCIÓN | |
| campo de control | 20190320210240.0 |
| 008 - DATOS DE LONGITUD FIJA--INFORMACIÓN GENERAL | |
| campo de control de longitud fija | 230714s1853----it-a###f##---#000-0#ita-# |
| 041 ## - CÓDIGO DE LENGUA | |
| Código de lengua del texto/banda sonora o título independiente | ita |
| 044 ## - CÓDIGO DEL PAÍS DE LA ENTIDAD EDITORA/PRODUCTORA | |
| Código MARC del país | it |
| 050 #4 - SIGNATURA TOPOGRÁFICA DE LA BIBLIOTECA DEL CONGRESO | |
| Número de clasificación | NA1117 |
| Número de documento/Ítem | .M3 1853 |
| 245 10 - MENCIÓN DE TÍTULO | |
| Título | S. Marco |
| Resto del título | Convento dei Padri Predicatori in Firenze |
| Mención de responsabilidad, etc. | ilustrato e inciso principalmente nei dipinti del B. Giovanni Angelico ; con la vita dello stesso pittore, e un sunto storico del Convento Medesimo del P. Vincenzo Marchese. |
| 260 ## - PUBLICACIÓN, DISTRIBUCIÓN, ETC. | |
| Lugar de publicación, distribución, etc. | Florencia |
| Nombre del editor, distribuidor, etc. | Societá Artistica |
| Fecha de publicación, distribución, etc. | 1853 |
| 300 ## - DESCRIPCIÓN FÍSICA | |
| Extensión | iii, 162 p. |
| Otras características físicas | il., 40 láminas |
| Dimensiones | 48 cm. |
| 500 ## - NOTA GENERAL | |
| Nota general | R95 |
| 610 24 - PUNTO DE ACCESO ADICIONAL DE MATERIA--NOMBRE DE ENTIDAD CORPORATIVA | |
| Nombre de entidad corporativa o nombre de jurisdicción como elemento de entrada | Convento de San Marco |
| Subdivisión general | Historia |
| Subdivisión geográfica | Florencia (Italia) |
| 9 (RLIN) | 20926 |
| 650 14 - PUNTO DE ACCESO ADICIONAL DE MATERIA--TÉRMINO DE MATERIA | |
| Término de materia o nombre geográfico como elemento de entrada | Arquitectura religiosa |
| Subdivisión geográfica | Florencia (Italia) |
| 9 (RLIN) | 20927 |
| 650 14 - PUNTO DE ACCESO ADICIONAL DE MATERIA--TÉRMINO DE MATERIA | |
| Término de materia o nombre geográfico como elemento de entrada | Frailes predicadores |
| Subdivisión geográfica | Florencia (Italia) |
| 9 (RLIN) | 20928 |
| 651 #4 - PUNTO DE ACCESO ADICIONAL DE MATERIA--NOMBRE GEOGRÁFICO | |
| Nombre geográfico | Florencia |
| Subdivisión de forma | Conventos y monasterios |
| Subdivisión general | Historia |
| 9 (RLIN) | 20929 |
| 700 1# - PUNTO DE ACCESO ADICIONAL--NOMBRE DE PERSONA | |
| Nombre de persona | Angelico, Giovanni |
| Término indicativo de función/relación | il. |
| 9 (RLIN) | 20930 |
| 700 1# - PUNTO DE ACCESO ADICIONAL--NOMBRE DE PERSONA | |
| Nombre de persona | Marchese, Vincenzo |
| 9 (RLIN) | 20931 |
| 902 ## - CATALOGADOR | |
| Iniciales | GFM |
| 942 ## - ELEMENTOS DE PUNTO DE ACCESO ADICIONAL (KOHA) | |
| Fuente del sistema de clasificación o colocación | Library of Congress Classification |
| Tipo de ítem Koha | Libros |
| Estado de retiro | Estado de pérdida | Estado dañado | No para préstamo | Localización permanente | Ubicación/localización actual | Fecha de adquisición | Número de inventario | Total de préstamos | Signatura topográfica completa | Código de barras | Fecha visto por última vez | Precio válido a partir de | Tipo de ítem Koha |
|---|---|---|---|---|---|---|---|---|---|---|---|---|---|
| El ejemplar forma parte de la colección y puede ser consultado según las políticas vigentes. | Biblioteca del Museo Franz Mayer (Rogerio Casas-Alatriste) | Biblioteca del Museo Franz Mayer (Rogerio Casas-Alatriste) | 23/07/2014 | R95 | NA1117 .M3 1853 (R95) | 8981 | 22/03/2019 | 22/03/2019 | Libros |